| 000 | 00730nam a2200289Ia 4500 | ||
|---|---|---|---|
| 001 | 5989 | ||
| 003 | IT-RoPAU | ||
| 008 | 130308s9999 xx 000 0 und d | ||
| 040 | _aIT-RoPAU | ||
| 040 | _cIT-RoPAU | ||
| 041 | _aITALIANO | ||
| 100 | _aRiva Valerio | ||
| 100 | _gCodice Aut. SPICS: 2009 | ||
| 245 | _aFascismo dentro di noi (Il) | ||
| 245 | _bFilm Amarcord (Il) | ||
| 250 | _a1a ed. | ||
| 260 | _aBOLOGNA | ||
| 260 | _bCappelli | ||
| 260 | _c1974 [1° Ed.:1974 - Ed.Ling.Originale:1973] | ||
| 300 | _a"7 p. (prefazione: no ; testo: 7 [pagine: 101-107])" | ||
| 650 | _aAUTORI/OPERE DEL CINEMA | ||
| 650 | _eCodice materia Spics: 6807 | ||
| 942 | _cBK | ||
| 957 | _71 | ||
| 999 |
_c52685 _d52685 |
||
| 999 | _bSI | ||
| 999 | _g1 | ||